الفلسفة الإغريقية. ج1 / (Record no. 7047)
[ view plain ]
| 000 -الفاتح | |
|---|---|
| حقل البيانات ثابتة الطول | 00594nac a22001691u 4500 |
| 008 - عناصر البيانات ثابتة الطول - معلومات عامة | |
| حقل البيانات ثابتة الطول | 080903s1950 ua|||||r||| 000 0 ara d |
| 082 ## - رقم تصنيف ديوى العشرى | |
| رقم المادة | غ ل ا |
| رقم التصنيف | 182 |
| رقم الطبعة | 22 |
| 245 ## - بيان العنوان | |
| العنوان | الفلسفة الإغريقية. ج1 / |
| بيان المسئوليه,etc | محمد غلاب |
| 250 ## - بيان الطبعة | |
| بيان الطبعة | ط2 |
| 260 ## - PUBLICATION, DISTRIBUTION, ETC. (IMPRINT) | |
| مكان الناشر او الموزع | القاهرة : |
| اسم الناشر او الموزع | مكتبة الأنجلو المصرية ، |
| تاريخ النشر أو التوزيع | [1950] |
| 300 ## - الوصف المادى | |
| التعداد | 1 مج ؛ |
| أبعاد الوعاء | 24 سم . |
| 504 ## - تبصرة ببليوجرافية | |
| تبصرة ببليوجرافية,الخ | ببليوجرافية: ص321-327 |
| 511 ## - | |
| -- | Catalogued by: Sara |
| 541 ## - تبصرة المصدر المباشر للتزويد | |
| مصدر التزويد | ألف باء ؛ |
| طريقة التزويد | اهداء؛ |
| 650 ## - المدخل الاضافى بالموضوع-مصطلح موضوعى | |
| مصطلح موضوعي أو اسم جغرافي كعنصر مدخل | الفلسفة اليونانية |
| 9 (RLIN) | 15854 |
| 942 ## - عناصر المدخل الإضافي( كوها) | |
| Koha [default] item type | Book - Borrowing |
| سابقة رقم الطلب | 182 غ ل ا |
| مصدر التصنيف او مخطط الترفيف | Dewey Decimal Classification |
| حالة التراجع | حالة الفقد | مصدر التصنيف او خطة الترفيف | حالة تلف | ليس للاعارة | مجموعات كوها | المكان الدائم | المكان الحالي | موقع الترفيف | تاريخ الاكتساب | Source of acquisition | رقم الاستدعاء | الباركود | Date last seen | نوع الوعاء | تبصرة عامة |
|---|---|---|---|---|---|---|---|---|---|---|---|---|---|---|---|
| Dewey Decimal Classification | Alef-Baa | Central Library | Central Library | Lower Floor | 07/12/2011 | 182 غ ل ا | 000008562 | 15/07/2025 | Book - Borrowing | ج1 |